Alphabetically Last Quiz Stats

 Plays Quiz Updated Oct 1, 2018

Score 0/22 Timer 08:00
1 Play Today
Alphabetically Last... Answer % Correct
MonthSeptember
86%
Planet in our solar systemVenus
84.3%
U.S. StateWyoming
78.7%
Greek Olympian GodZeus
77.6%
Ivy League schoolYale
67.7%
Country of the worldZimbabwe
65.2%
Santa's reindeerVixen
60.5%
U.S. President (last name)Woodrow Wilson
59.8%
Seven DwarfsSneezy
55.8%
Pixar movieWALL-E
45%
Joint Ben Stiller/Owen Wilson movieZoolander
43.9%
Alphabetically Last... Answer % Correct
Borough of NYCStaten Island
42.9%
Sign of the ZodiacVirgo
38.9%
NFL team nameMinnesota Vikings
34.1%
Rock 'N Roll Hall of Fame bandZZ Top
33.3%
Weapon from Cluedo (Clue)Wrench (or Spanner)
32.8%
Element from the Periodic TableZirconium
22.7%
Charles Dickens novelA Tale of Two Cities
21.5%
Capital of the worldZagreb, Croatia
10.9%
Olympic games host cityVancouver, Canada
10%
Premier League Club (all time)Wolverhampton Wanderers
8.8%
Old Testament bookZephaniah
8.3%

You're not logged in!

Compare scores with friends on all Sporcle quizzes.
OR
Log In

Sporcle TV

Today on Sporcle TV


Watch our educational content, quiz creation guides, and fun videos on Sporcle TV.

Show Comments

Extras

Top Quizzes Today


Score Distribution

Your Account Isn't Verified!

In order to create a playlist on Sporcle, you need to verify the email address you used during registration. Go to your Sporcle Settings to finish the process.

Report this User

Report this user for behavior that violates our Community Guidelines.

Details: